Piłkarska kariera Petra Cecha. - Statystyki

Ogólne statystyki
  • Ten quiz został rozwiązany 135 razy
  • Średni wynik to 3 z 5
Statystyki odpowiedzi
Lata Drużyna % Poprawnych
2004-2015 Chelsea
98%
2015-2019 Arsenal
97%
2001-2002 Sparta Praga
58%
2002-2004 Rennes
22%
1999-2001 Chmel Blsany
3%
Nie znaleziono quizów pasujących do podanych kryteriów
Rozkład punktacji
Procent ludzi z każdym wynikiem
Percentyl według liczby udzielonych odpowiedzi
Twoja historia wyników
Nie rozwiązałeś tego quizu